01372nab a22002537a 4500003000400000005001700004008004100021040000700062100002500069245019400094260007300288300001500361500007200376505026000448505008900708650002900797650002800826650002100854650002700875650001700902650003200919650003400951773013300985OSt20251227002819.0190603e xxum|||| |||| 00| 0 spa d cPJ aSahián, José H. 13aLa influencia del Código Civil y Comercial en la actual convencionalización del derecho de los consumidores y en la futura horizontalidad de los derechos humanos /cJosé H. Sahián.  cCiudad Autónoma de Buenos Aires :aThomson Reuters La Ley, b2025. ap. 253-267 aCita: TR LALEY AR/DOC/1762/2025 Publicado en: RCCyC 2025 (agosto). aSumario: I. Introducción: constitucionalización del derecho privado.— II. Convencionalización del derecho privado en general y de los consumidores en particular.— III. Privatización de la convencionalización.— IV. Consideraciones finales.  t¿Te interesa el texto completo? Solicitalo al correo: koha@justierradelfuego.gov.ar 0aCODIGO CIVIL Y COMERCIAL 0aDERECHOS DEL CONSUMIDOR 0aDERECHOS HUMANOS 0aDEFENSA DEL CONSUMIDOR 0aOBLIGACIONES 0aCONTROL DE CONVENCIONALIDAD 0aCONTROL DE CONSTITUCIONALIDAD0 02713dCiudad Autónoma de Buenos Aires : Thomson Reuters La Ley, 2015-tRevista Código Civil y Comercial. Nº 4 - Agosto 2025